1706 1701 1613 1840 1004 1079 1204 1465 1270 1632 1695 1962 1636 1546 1296 1127 1036 1441 1193 1242 1458 1360 1391 1319 1373 1560 1868 1850 1982 1605 1178 1280 1560 1865 1001 1951 1428 1122 1136 1481 1393 1578 1562 1764 1823 1822 1102 1216 1823 1415 1187 1284 1678 1434 1848 1323 1956 1501 1328 1061 1635 1152 1986 1399 1449 1632 1181 1250 1322 1672 1599 1410 1896 1073 1177 1374 1018 1549 1895 1812 1764 1979 1360 1803 1913 1852 1470 1067 1173 1588 1275 1162 1489 1298 1661 1727 1554 1369 1934 BCNSPRNW ULIB Ver.6.0+V

เปลี่ยนเป็นภาษาไทย

Change to English
 แสดงรายละเอียดบรรณานุกรม
  กลับหน้าหลัก

Brief Record : Get Marc (ISO 2709) : E-mail record : QR code < ปิดหน้าต่าง
LEADER : 00000nam 2200000uu 4500
001    13399128852
003     ULIB
008    241021s2565||||th 000 0 tha d
020 ^^ ^a9786164821095
060 ^^ ^aWM207^bอ7ก
100 ^^ ^aอุษา บิกกิ้นส์
245 ^^ ^aการสื่อสารเพื่อความรอบรู้โรคซึมเศร้า /^cอุษา บิกกิ้นส์, วารีทิพย์ บุญยอ, ผู้เขียน
250 ^^ ^aพิมพ์ครั้งที่ 1
260 ^^ ^aกรุงเทพฯ :^bสำนักพิมพ์สถาบันบัณฑิตพัฒนบริหารศาสตร์,^c2565
300 ^^ ^a202 หน้า :^bภาพประกอบ, ตาราง ;^c26 ซม.
505 ^^ ^aสารบาญ: รู้จักโรคซึมเศร้า - - โรคซึมเศร้าภัยมืดที่มองไม่เห็น - - กระบวนการรับมือโรคซึมเศร้า - - ความรอบรู้โรคซึมเศร้า - - การสื่อสารโรคซึมเศร้าภาคพลเมือง
590 ^^ ^aอุษา บิกกิ้นส์, และวารีทิพย์ บุญยอ. ^bการสื่อสารเพื่อความรอบรู้โรคซึมเศร้า. ^dสำนักพิมพ์สถาบันบัณฑิตพัฒนบริหารศาสตร์.
591 ^^ ^aอุษา บิกกิ้นส์, วารีทิพย์ บุญยอ. การสื่อสารเพื่อความรอบรู้โรคซึมเศร้า. กรุงเทพฯ: สำนักพิมพ์สถาบันบัณฑิตพัฒนบริหารศาสตร์; 2565.
650 ^^ ^aโรคซึมเศร้า
690 ^^ ^aสาขาวิชาการพยาบาลสุขภาพจิตและจิตเวช
700 ^^ ^aวารีทิพย์ บุญยอ
945    ^p365^l0^i011041
999    ^aประนอม เกษจรัล
รายการนี้ยังไม่มีแท็ก
คุณยังไม่ได้ล็อกอิน คุณสามารถมีกิจกรรมร่วมกับเว็บไซต์ได้ แต่ต้องล็อกอินก่อน ::
  ล็อกอิน

รายการสื่อสารสนเทศ

ลำดับที่ ประเภท เลขเรียก/บาร์โค้ด สถานที่ สถานะ
1. วิทยาศาสตร์การแพทย์ และสุขภาพ
หนังสือสำรอง
สถานะ=หนังสือสำรอง
WM207 อ7ก ฉ.1 
  Barcode: 011041
ห้องสมุดวิทยาเขตสวรรค์ประชารักษ์
►หนังสือทั่วไป
บนชั้น

รายการใกล้เคียง
    ผู้แต่ง [อุษา บิกกิ้นส์]

    หัวเรื่อง [โรคซึมเศร้า]

BibComment


ยังไม่เคยถูกคอมเมนท์

คอมเมนท์ทรัพยากรรายการนี้
  คอมเมนท์: การสื่อสารเพื่อค..


 Copyright 2026. Bcnsprnw @Library